01014nam a22002177a 4500020001800000040000900018082001400027100002700041110003200068245003100100250001600131260004000147650005100187942001400238999001900252952010500271952010500376952010500481952010500586952010500691 a9788131717400 cNUST a519.4 GER aGerald, Curtis F.9104 aWheatley, Patrick O.991713 aApplied Numerical Analysis a7th Edition aNew Delhi:bPearson Educationc2016 aDME TEXTBOOK.APPLIED NUMERICAL ANALYSIS991754 2ddccTEXT c589868d589868 00102ddc4070aCEMEbCEMEcTEXTd2022-05-23l0o519.4 GERpCEME-48279r2022-05-23w2022-05-23yREF 00102ddc4070aCEMEbCEMEcTEXTd2022-05-23l0o519.4 GERpCEME-48280r2022-05-23w2022-05-23yREF 00102ddc4070aCEMEbCEMEcTEXTd2022-05-23l0o519.4 GERpCEME-48281r2022-05-23w2022-05-23yREF 00102ddc4070aCEMEbCEMEcTEXTd2022-05-23l0o519.4 GERpCEME-48282r2022-05-23w2022-05-23yREF 00102ddc4070aCEMEbCEMEcTEXTd2022-05-23l0o519.4 GERpCEME-48283r2022-05-23w2022-05-23yREF